| 000 | 00360nam a22001577a 4500 | ||
|---|---|---|---|
| 003 | SGT | ||
| 020 | _a81-7224-229-8 | ||
| 082 |
_a615.535 _bN21B |
||
| 100 | _aBAKHRU, H.K | ||
| 245 | _aTHE COMPLETE HAND BOOK OF NATURE CURE | ||
| 260 |
_aAHMEDABAD _bJAICO PUB _c2021 |
||
| 300 | _a797 | ||
| 650 | _aNATUROPATHY | ||
| 653 | _aNATURE CURE | ||
| 942 |
_2ddc _cBK _037 |
||
| 999 |
_c22287 _d22287 |
||